000 00320nam a2200145Ia 4500
008 230718s9999 xx 000 0 und d
041 _aEng.
082 _a344
_bKHA-L
100 _aKhan A. K
245 0 _aLabous loves
260 _aPakistan
_bMan Joop law book
_c2012
300 _a717
650 _aLaw
999 _c26915
_d26915